<?xml version="1.0" encoding="UTF-8"?>
<marc:record xmlns:marc="http://www.loc.gov/MARC21/slim">
   <marc:leader>00000nam a2200000 a 4500</marc:leader>
   <marc:datafield ind1=" " ind2=" " tag="653">
      <marc:subfield code="a">Tonie-Hörbuch</marc:subfield>
   </marc:datafield>
   <marc:datafield ind1=" " ind2=" " tag="653">
      <marc:subfield code="a">Tonies</marc:subfield>
   </marc:datafield>
   <marc:datafield ind1=" " ind2=" " tag="653">
      <marc:subfield code="a">Traumzauberbaum</marc:subfield>
   </marc:datafield>
   <marc:datafield ind1=" " ind2=" " tag="653">
      <marc:subfield code="a">Waldgeister</marc:subfield>
   </marc:datafield>
   <marc:datafield ind1=" " ind2=" " tag="653">
      <marc:subfield code="a">Lieder</marc:subfield>
   </marc:datafield>
   <marc:datafield ind1=" " ind2=" " tag="653">
      <marc:subfield code="a">Geschichtenlieder</marc:subfield>
   </marc:datafield>
   <marc:datafield ind1=" " ind2=" " tag="653">
      <marc:subfield code="a">einfühlsam</marc:subfield>
   </marc:datafield>
   <marc:datafield ind1=" " ind2=" " tag="653">
      <marc:subfield code="a">Traumreisen</marc:subfield>
   </marc:datafield>
   <marc:datafield ind1="0" ind2="0" tag="245">
      <marc:subfield code="a">Der Traumzauberbaum: Tonies Hörfigur</marc:subfield>
   </marc:datafield>
   <marc:datafield ind1="0" ind2="0" tag="245">
      <marc:subfield code="b">Geschichtenlieder</marc:subfield>
   </marc:datafield>
   <marc:datafield ind1=" " ind2="1" tag="264">
      <marc:subfield code="a">Gütersloh</marc:subfield>
      <marc:subfield code="b">Sony Music Entertainment</marc:subfield>
      <marc:subfield code="c">2019</marc:subfield>
   </marc:datafield>
   <marc:datafield ind1="1" ind2=" " tag="520">
      <marc:subfield code="a">Dort, wo der Wald sieben Tage tief ist, steht der Traumzauberbaum. Tag und Nacht la¨sst er seine Traumbla¨tter wachsen. Im Traumzauberbaum wohnen zwei kleine Waldgeister: Waldwuffel mit dem gru¨nen Schwa¨nzchen und das allerliebste Moosmutzel. Mit einer Stimmgabel geistern sie durch die zauberhafte Geschichten­Lieder­Welt der bunten Traumbla¨tter. Dass sie dabei die blauen Bla¨tter mit den Regentra¨umen abreißen, beschwo¨rt eine Katastrophe herauf ...&#xD;
Der Traumzauberbaum fasziniert mit seiner poetischen, einfu¨hlsamen Art und Weise – im Text wie in der Musik, vom besinnlichen Ton bis hin zum waschechten Rock’n’Roll. Und wurde damit zur Legende unter den Geschichtenlieder­Produktionen.&#xD;
01 - Traumzauberbaum&#xD;
02 - Ku¨sschenlied&#xD;
03 - Der Pfannekuchenschreck&#xD;
04 - Der Eierbecher&#xD;
05 - Gespensterduett&#xD;
06 - Liebkoselied&#xD;
07 - Mary Lu&#xD;
08 - Fru¨hlingslied&#xD;
09 - Ich bin doch kein Schneemann&#xD;
10 - Frosch Rock’n’Roll&#xD;
11 - Kleine Wolke&#xD;
12 - Lied von der Anstrengung,bo¨se zu sein&#xD;
13 - Neidlied&#xD;
14 - Regenlied&#xD;
15 - Wie Riesen niesen&#xD;
16 - Klopsemops&#xD;
17 - Das Ba¨chlein&#xD;
18 - Mondsilbertaufe&#xD;
19 - Eine kleine Stadt&#xD;
20 - Traumreise</marc:subfield>
   </marc:datafield>
   <marc:datafield ind1=" " ind2=" " tag="041">
      <marc:subfield code="a">ger</marc:subfield>
   </marc:datafield>
   <marc:datafield ind1=" " ind2=" " tag="338">
      <marc:subfield code="a">Nicht spezifiziert</marc:subfield>
   </marc:datafield>
   <marc:datafield ind1=" " ind2=" " tag="300">
      <marc:subfield code="a">1</marc:subfield>
   </marc:datafield>
</marc:record>
